Matemáticas Básicas 3º. Fichas de enseñanza individualizada I.

Gespeichert in:
Bibliographische Detailangaben
1. Verfasser: Ramos Sobrino, Angel. Autor
Format: keine Angabe
Sprache:Spanisch
Erschienen: Salamanca Anaya, S.A. 1975
Katalog:MANES:  Suchergebnis im Bibliothekskatalog
Schulbuchspezifische Eigenschaften:
Tags: Tag hinzufügen
Keine Tags, Fügen Sie den ersten Tag hinzu!
Hinzugefügt zu:26.04.2016
Geändert in:07.05.2025

MARC

LEADER 000000000a22000000004500
001 07865
003 OSt
005 20250507133414.0
008 160427s sp ||||| |||| 00| 0 spa d
561 |5 es-CICE  |3 FMa/M233  |a España. Centro Internacional de la Cultura Escolar  |k MANES 
999 |c 13839  |d 13839 
040 |c Centro_internacional de la cultura escolar  |a centro_manes 
100 1 |a Ramos Sobrino, Angel. Autor  |9 3493 
245 0 0 |a Matemáticas Básicas 3º. Fichas de enseñanza individualizada I. 
260 3 |a Salamanca  |b Anaya, S.A.  |c 1975 
300 |a 60 fichas  |c 25 x 19 cm 
500 |a Contiene ilustraciones a color y ejercicios para el alumno. 
546 |a España 
690 0 |a MATE 
691 0 |a PRI 
942 |2 ddc  |c BK 
999 |c manes:13839  |d 13839